Piros fej [grafika] /
Elmentve itt :
| Szerző: | |
|---|---|
| Dokumentumtípus: | Cikk |
| Megjelent: |
1966
|
| Sorozat: | Tiszatáj
20 No. 6 |
| Kulcsszavak: | Grafika - magyar - 20. sz. |
| Online Access: | http://tiszataj.bibl.u-szeged.hu/4147 |
| LEADER | 00565nab a2200181 i 4500 | ||
|---|---|---|---|
| 001 | tisza4147 | ||
| 005 | 20200330123834.0 | ||
| 008 | 170327s1966 hu o 0|| hun d | ||
| 022 | |a 0133-1167 | ||
| 040 | |a SZTE Tiszatáj Archívum |b hun | ||
| 041 | |a hun | ||
| 100 | 1 | |a Stefániai Edit | |
| 245 | 1 | 0 | |a Piros fej |h [elektronikus dokumentum] : |b [grafika] / |c Stefániai Edit |
| 260 | |c 1966 | ||
| 300 | |a 435 | ||
| 490 | 0 | |a Tiszatáj |v 20 No. 6 | |
| 695 | |a Grafika - magyar - 20. sz. | ||
| 856 | 4 | 0 | |u http://tiszataj.bibl.u-szeged.hu/4147/1/tiszataj_1966_006_435.pdf |z Dokumentum-elérés |